Municipalities in Hampshire County, MA - Statistics

General Stats
  • This quiz has been taken 141 times
  • The average score is 12 of 20
Answers on the Map
Answers color-coded by a green-red scale on the quiz's map according to % correct below.
 
Answer Stats
Population City/Town % Correct
39,263 Amherst
90%
6,224 Southampton
77%
1,622 Westhampton
77%
16,211 Easthampton
73%
29,571 Northampton
73%
5,325 Hadley
67%
18,150 South Hadley
67%
829 Cummington
63%
15,350 Belchertown
60%
1,280 Pelham
60%
6,110 Granby
57%
10,066 Ware
57%
1,186 Chesterfield
53%
3,352 Hatfield
53%
970 Goshen
50%
2,094 Huntington
50%
2,504 Williamsburg
50%
385 Middlefield
47%
1,193 Worthington
47%
633 Plainfield
43%
No matching quizzes found
Score Distribution
Percent of People with Each Score
Percentile by Number Answered
Your Score History
You have not taken this quiz